Prvý outlet a očakávanie dobrej sezóny

Najmodernejšie nákupné centrum One Fashion Outlet vo Voderadoch.

Na minha lista:
Detalhes bibliográficos
Formato: Capítulo de Livro
Idioma:eslovaco
Assuntos:
Tags: Adicionar Tag
Sem tags, seja o primeiro a adicionar uma tag!

MARC

LEADER 00000naa a2200000 4500
001 0184618
005 20231109070940.4
041 0 |a slo 
044 |a SK 
245 1 0 |a Prvý outlet a očakávanie dobrej sezóny 
520 |a Najmodernejšie nákupné centrum One Fashion Outlet vo Voderadoch. 
610 2 0 |a centrá obchodné 
610 2 0 |a výpredaj sezónny 
610 2 0 |a strediská nákupné